000 00796nam a22002417a 4500
005 20170130171740.0
010 _aENG-117064
020 _a9789382381785
_c850.00
035 _aEN-100596
037 _bViva Books
037 _bDBAD/PUB
082 _a307.1412095414
100 _aOkabe,Jun-Ichi
245 _aA new statistical domain in India :
_cby Jun-Ichi Okabe [and] Aprajita Bakshi
_ban enquiry into village Panchayat databases :
260 _aNew Delhi
_bTulika Books
_c2016
270 _a35 A/1(ground Floor),Shahpur Jat
_bNew Delhi
_e110049
300 _axiii,382p.
_c24cm(Hb)
490 _aAgrarian studies-4
500 _aIncludes bibliographical references and index
650 _a
700 _dBakshi,Aprajita
942 _2ddc
_cEN
_mOKA
_h307.1412095414
999 _c105839
_d105839